LEADER 01381nam0-22004931i-450- 001 990003364400403321 005 20140929103931.0 010 $a88-430-1158-8 035 $a000336440 035 $aFED01000336440 035 $a(Aleph)000336440FED01 035 $a000336440 100 $a20111207d1998----km-y0itay50------ba 101 0 $aita 102 $aIT 105 $ay-------001yy 200 1 $aEconomia e finanza pubblica$fGiorgio Brosio 205 $a4. ed. 210 $aRoma$cCarocci$d1998 215 $a706 p.$d25 cm 225 1 $aUniversità$iEconomia$v66 320 $aContiene riferimenti bibliografici 610 0 $aScienza delle finanze 610 0 $aEconomia pubblica 610 0 $aFinanza pubblica 676 $a336 700 1$aBrosio,$bGiorgio$f<1941- >$039999 801 0$aIT$bUNINA$gRICA$2UNIMARC 901 $aBK 912 $a990003364400403321 952 $aECFP8B(SR)$b10212B$fDECBC 952 $aECFP8C$b13521A$fDECBC 952 $aECFP8A(DEP)$b10212A$fDECBC 952 $aECFP8D(DEP)$b13521B$fDECBC 952 $aECFP8G$b14186$fDECBC 952 $aECFP8E(DEP)$b13521C$fDECBC 952 $aECFP8F(DEP)$b13521D$fDECBC 952 $aGEN B 422$b10923$fFARBC 952 $aN/2.02 BRO/01$b1025/DE$fSES 959 $aDECBC 959 $aFARBC 959 $aSES 996 $aEconomia e finanza pubblica$935384 997 $aUNINA LEADER 01074nam0 22002531i 450 001 UON00003138 005 20231205101858.580 100 $a20020107d1924 |0itac50 ba 101 $aeng 102 $aGB 105 $a|||| 1|||| 200 1 $aˆThe ‰Sanskrit Drama in its Origin, Development Theory & Practice$fA. Berriedale Keith 210 $aOxford$cAt the Clarendon Press$d1924 215 $a405 p.$d22 cm 606 $aTEATRO SANSCRITO$xCRITICA$3UONC016777$2FI 686 $aSI VI AA$cSUBCONT. INDIANO - LETTERATURA SANSCRITA - CRITICA$2A 700 1$aKEITH$bArthur Berriedale$3UONV001486$048167 790 1$aBERRIEDALE KEITH, A.$zKEITH, Arthur Berriedale$3UONV002786 801 $aIT$bSOL$c20240220$gRICA 899 $aSIBA - SISTEMA BIBLIOTECARIO DI ATENEO$2UONSI 912 $aUON00003138 950 $aSIBA - SISTEMA BIBLIOTECARIO DI ATENEO$dSI SI VI AA 063 N $eSI SA 69470 5 063 N 996 $aSanskrit Drama in its Origin, Development Theory & Practice$91174579 997 $aUNIOR LEADER 00940nam0-22002891i-450 001 990004135820403321 005 20240625112139.0 035 $a000413582 035 $aFED01000413582 035 $a(Aleph)000413582FED01 035 $a000413582 100 $a19990604d1906----km-y0itay50------ba 101 1 $aita 105 $ay-------001yd 200 1 $aStoria della filosofia moderna$eEsposizione della storia della filosofia dalla fine del rinascimento fino ai giorni nostri$fHarald Höffding$gtraduzione dal tedesco P. Martinetti 210 $aTorino$cBocca$d1906 215 $a2 v.$d22 cm 610 0 $aFilosofia$aStoria$aSec. 16.-19. 676 $a190.9$v21$zita 700 1$aHöffding,$bHarald$0405427 801 0$aIT$bUNINA$gRICA$2UNIMARC 901 $aBK 912 $a990004135820403321 952 $a109.3 HOF 2 1 (1-2)$bSC. PED.308$fFLFBC 959 $aFLFBC 996 $aDen nyere Filosofis Historie$91578017 997 $aUNINA